Central Library OPAC University of Rajshahi

Capital formation and economic development / (Record no. 3844)

MARC details
000 -LEADER
fixed length control field 00900cam a22002771 4500
001 - CONTROL NUMBER
control field 3844
003 - CONTROL NUMBER IDENTIFIER
rucl marc code BD-RjUL
005 - DATE AND TIME OF LATEST TRANSACTION
control field 20211208233806.0
008 - FIXED-LENGTH DATA ELEMENTS--GENERAL INFORMATION
fixed length control field 131221s1964 enka 001 0 eng
035 ## - SYSTEM CONTROL NUMBER
System control number (BD-RjUL)3878
040 ## - CATALOGING SOURCE
Original cataloging agency DLC
Transcribing agency OClU
Modifying agency OCoLC
-- Uk
-- DLC
-- BD-RjUL
Language of cataloging eng
041 ## - LANGUAGE CODE
Language code of text/sound track or separate title eng
082 ## - DEWEY DECIMAL CLASSIFICATION NUMBER
Classification number 338.954
Author mark and year ROC 1965
100 1# - MAIN ENTRY--PERSONAL NAME
Personal name Rosenstein-Rodan, P. N.,
9 (RLIN) 8403
245 10 - TITLE STATEMENT
Title Capital formation and economic development /
Statement of responsibility, etc. Edited by P. N. Rosenstein-Rodan.
260 ## - PUBLICATION, DISTRIBUTION, ETC. (IMPRINT)
Place of publication, distribution, etc. Cambridge :
Name of publisher, distributor, etc. M. I. T. Press,
Date of publication, distribution, etc. c1964 [Impression 1965].
300 ## - PHYSICAL DESCRIPTION
Pagination 164 p.
Illustrations illus.
Size 23 cm.
490 0# - SERIES STATEMENT
Series statement Studies in the economic development of India,
Volume/sequential designation 2
500 ## - GENERAL NOTE
General note Includes index.
504 ## - BIBLIOGRAPHY, ETC. NOTE
Bibliography, etc Bibliographical footnotes.
650 #0 - SUBJECT ADDED ENTRY--TOPICAL TERM
Topical term or geographic name as entry element Capital investments
Geographic subdivision India.
9 (RLIN) 9498
Topical term or geographic name as entry element Investments
Geographic subdivision India.
9 (RLIN) 9498
651 #0 - SUBJECT ADDED ENTRY--GEOGRAPHIC NAME
Geographic name India
General subdivision Economic policy.
9 (RLIN) 12256
942 ## - ADDED ENTRY ELEMENTS (KOHA)
Source of classification or shelving scheme Dewey Decimal Classification
Koha item type Books
Holdings
Lost status Source of classification or shelving scheme Damaged status Not for loan Collection code Permanent Location Current Location Shelving location Date acquired Source of acquisition Cost, normal purchase price Total Checkouts Full call number Date last seen Copy number Koha item type
  Dewey Decimal Classification     Non-fiction Central Library, University of Rajshahi Central Library, University of Rajshahi   26/10/1968 Zeitlinger 30.00   338.954 ROC 1965 21/12/2013 C-4 Books
  Dewey Decimal Classification     Non-fiction Central Library, University of Rajshahi Central Library, University of Rajshahi   11/11/1965 Zeitlinger 30.00   338.954 ROC 1964 25/07/2016 C-2 Books
  Dewey Decimal Classification     Non-fiction Central Library, University of Rajshahi Central Library, University of Rajshahi   16/10/1986 Zeitlinger 30.00   338.954 ROC 1964 25/07/2016 C-3 Books
  Dewey Decimal Classification     Non-fiction Central Library, University of Rajshahi Central Library, University of Rajshahi   09/05/1967 American Book Agency 22.50   338.954 ROC 1964 25/07/2016 C-5 Books
  Dewey Decimal Classification     Non-fiction Central Library, University of Rajshahi Central Library, University of Rajshahi   26/10/1968 Zeitlinger 30.00   338.954 ROC 1965 25/07/2016 C-6 Books
  Dewey Decimal Classification     Non-fiction Central Library, University of Rajshahi Central Library, University of Rajshahi   26/10/1968 Zeitlinger 30.00   338.954 ROC 1965 25/07/2016 C-7 Books
  Dewey Decimal Classification     Non-fiction Central Library, University of Rajshahi Central Library, University of Rajshahi   26/10/1968 Zeitlinger 30.00   338.954 ROC 1965 25/07/2016 C-8 Books
  Dewey Decimal Classification     Non-fiction Central Library, University of Rajshahi Central Library, University of Rajshahi   11/04/1970 Zeitlinger 22.50   338.954 ROC 1964 25/07/2016 C-9 Books
  Dewey Decimal Classification     Non-fiction Central Library, University of Rajshahi Central Library, University of Rajshahi   11/11/1965 Zeitlinger 30.00   338.954 ROC 1964 25/07/2016 C-10 Books
  Dewey Decimal Classification   Not For Loan Non-fiction Central Library, University of Rajshahi Central Library, University of Rajshahi Reading Room 26/10/1968 Zeetlinger 30.00   338.954 ROC 1965 20/12/2016 C-1 Books